Statistics for Order the Countries - Area

Click here to take the quiz!

General Stats

  • This quiz has been taken 97 times
  • The average score is 4 of 15

Answer Stats

HintAnswer% Correct
9,596,961China
100%
7,692,024Australia
88%
2,381,741Algeria
72%
2,149,690Saudi Arabia
52%
1,964,375Mexico
42%
1,285,216Peru
32%
1,221,037South Africa
19%
1,002,450Egypt
14%
103,000Iceland
6%
640,679France
4%
783,562Turkey
4%
38,394Bhutan
3%
301,336Italy
3%
176,215Uruguay
3%
438,317Iraq
1%

Score Distribution

Percentile by Number Answered

Percent of People with Each Score

Your Score History

You have not taken this quiz